Historical Events Tile Select by Decade(s) - Statistics

General Stats
  • This quiz has been taken 20 times
  • The average score is 58 of 80
Answer Stats
Question Tile Select % Correct
Events that didn't happen in the 1990s Gulf War No
100%
Events that didn't happen in the 1990s Lady Diana dies in a car crash in Paris No
100%
Events that didn't happen in the 1990s Impeachment of Bill Clinton No
94%
Events that didn't happen in the 1990s Rwandan genocide No
94%
Events that didn't happen in the 1990s South Africa repeals apartheid laws No
94%
Events that didn't happen in the 1970s Star Wars is released No
94%
Events that didn't happen in the 1970s USA pulls last troops out of Vietnam No
94%
Events that didn't happen in the 1970s Watergate No
94%
Events that didn't happen in the 2010s A magnitude 7 earthquake hits Haiti No
88%
Events that didn't happen in the 1910s or 1920s Archduke Franz Ferdinand is assassinated No
88%
Events that didn't happen in the 1970s Atari Inc. is founded No
88%
Events that didn't happen in the 1990s Beginning of the genocide in Bosnia No
88%
Events that didn't happen in the 2010s #BlackLivesMatter movement starts No
88%
Events that didn't happen in the 2010s Boston Marathon Bombing No
88%
Events that didn't happen in the 19th century (1800s) (Bonus Round) Britain declares Slave Trade illegal No
88%
Events that didn't happen in the 1910s or 1920s Charlie Chaplin first appears in movie theaters No
88%
Events that didn't happen in the 1970s Elvis Presley dies No
88%
Events that didn't happen in the 19th century (1800s) (Bonus Round) Gold Rush in California No
88%
Events that didn't happen in the 1970s Led Zeppelin releases Stairway to Heaven No
88%
Events that didn't happen in the 1970s Munich Olympics Massacre No
88%
Events that didn't happen in the 1990s Nelson Madela is freed from Prison No
88%
Events that didn't happen in the 2010s Osama bin Laden is killed No
88%
Events that didn't happen in the 19th century (1800s) (Bonus Round) Queen Victoria is named Empress of India No
88%
Events that didn't happen in the 2010s Same-sex marriage is legalized in countries like the USA, UK, Germany and France No
88%
Events that didn't happen in the 19th century (1800s) (Bonus Round) The great potato famine in Ireland No
88%
Events that didn't happen in the 1910s or 1920s The RMS Titanic sinks No
88%
Events that didn't happen in the 1990s The Soviet Union collapses No
88%
Events that didn't happen in the 1990s The Space Shuttle Challenger explodes after liftoff Yes
88%
Events that didn't happen in the 2010s The UK votes for Brexit No
88%
Events that didn't happen in the 19th century (1800s) (Bonus Round) American Civil War No
81%
Events that didn't happen in the 2010s Covid-19 is discovered in Wuhan No
81%
Events that didn't happen in the 2010s Facebook buys Instagram No
81%
Events that didn't happen in the 1990s Hong Kong is returned to China No
81%
Events that didn't happen in the 19th century (1800s) (Bonus Round) Peru, Chile, Mexico and more countries gain independence from Spain No
81%
Events that didn't happen in the 1970s Pol Pot becomes dictator of Cambodia No
81%
Events that didn't happen in the 2010s Shooting in Sandy Hooks No
81%
Events that didn't happen in the 2010s The Hurricanes Sandy, Harvey, Irma and Micheal all hit the USA No
81%
Events that didn't happen in the 2010s The iPhone 4 is launched No
81%
Events that didn't happen in the 1910s or 1920s The Spanish flu pandemic begins No
81%
Events that didn't happen in the 1970s Abortion becomes legal in the USA No
75%
Events that didn't happen in the 19th century (1800s) (Bonus Round) Antarctica is discovered No
75%
Events that didn't happen in the 1970s Apple is founded No
75%
Events that didn't happen in the 1910s or 1920s Black Tuesday No
75%
Events that didn't happen in the 1910s or 1920s Ernest Rutherford defines the Rutherford model of the atom No
75%
Events that didn't happen in the 1910s or 1920s Hitler comes to power as chancellor of Germany Yes
75%
Events that didn't happen in the 1990s Opening of the Channel Tunnel No
75%
Events that didn't happen in the 1990s The Hubble Telescope is launched into space No
75%
Events that didn't happen in the 19th century (1800s) (Bonus Round) Vincent van Gogh dies No
75%
Events that didn't happen in the 1910s or 1920s Walt Disney's Steamboat Willie is created No
75%
Events that didn't happen in the 1990s Fall of the Berlin Wall Yes
69%
Events that didn't happen in the 1970s Jonestown Massacre No
69%
Events that didn't happen in the 19th century (1800s) (Bonus Round) The car is invented in Germany No
69%
Events that didn't happen in the 1910s or 1920s The film "The Birth of a Nation" is released No
69%
Events that didn't happen in the 1910s or 1920s The Panama Canal is completed No
69%
Events that didn't happen in the 19th century (1800s) (Bonus Round) The Suez Canal is opened No
69%
Events that didn't happen in the 1990s Tiananmen Square Massacre Yes
69%
Events that didn't happen in the 1910s or 1920s White women gain the right to vote in the USA No
69%
Events that didn't happen in the 2010s Chadwick Boseman dies Yes
63%
Events that didn't happen in the 2010s Deepwater Horizon No
63%
Events that didn't happen in the 1970s Falklands War Yes
63%
Events that didn't happen in the 19th century (1800s) (Bonus Round) James Cook circumnavigates New Zealand as the first recorded person Yes
63%
Events that didn't happen in the 1910s or 1920s Machu Picchu is discovered No
63%
Events that didn't happen in the 19th century (1800s) (Bonus Round) Napoleon is declared Emperor of France No
63%
Events that didn't happen in the 1910s or 1920s Roald Amundsen reaches the geographic South Pole No
63%
Events that didn't happen in the 1990s The first cloned mammal is born No
63%
Events that didn't happen in the 1970s Appollo 11 Mission Yes
56%
Events that didn't happen in the 1970s John Lennon is assassinated Yes
56%
Events that didn't happen in the 2010s Micheal Jackson dies Yes
56%
Events that didn't happen in the 1970s Microsoft is founded No
56%
Events that didn't happen in the 1990s Release of the Playstation 2 Yes
56%
Events that didn't happen in the 19th century (1800s) (Bonus Round) Hawaii is annexed by the United States No
50%
Events that didn't happen in the 1910s or 1920s The Coca-Cola Company is founded Yes
44%
Events that didn't happen in the 1970s The Rubik's Cube is invented Yes
44%
Events that didn't happen in the 19th century (1800s) (Bonus Round) The Seychelles are first settled Yes
38%
Events that didn't happen in the 2010s Barack Obama wins Nobel peace prize Yes
31%
Events that didn't happen in the 1910s or 1920s Albert Einstein proposes the Theory of Relativity Yes
19%
Events that didn't happen in the 2010s Google buys YouTube Yes
19%
Events that didn't happen in the 19th century (1800s) (Bonus Round) The Europeans discover Rubber for the first time Yes
19%
Events that didn't happen in the 1910s or 1920s The Ford Model T is released Yes
19%
Events that didn't happen in the 19th century (1800s) (Bonus Round) The first steam-powered ship is built in France Yes
6%
No matching quizzes found
Score Distribution
Percent of People with Each Score
Percentile by Number Answered
Your Score History
You have not taken this quiz